书目信息 |
| 题名: |
学记研究
|
|
| 作者: | 高时良 著 | |
| 分册: | ||
| 出版信息: | 北京 人民教育出版社 2006 |
|
| 页数: | 313页 | |
| 开本: | 21cm | |
| 丛书名: | ||
| 单 册: | ||
| 中图分类: | G40-092.2 | |
| 科图分类: | ||
| 主题词: | 教育理论--研究--中国--先秦时代 , 教育理论 | |
| 电子资源: | ||
| ISBN: | 978-7-107-18622-6 | |
| 000 | 01087nam0 2200289 450 | |
| 001 | 100428246655 | |
| 005 | 20110222143818.57 | |
| 010 | @a978-7-107-18622-6@dCNY21.20 | |
| 035 | @a003095935 | |
| 100 | @a20110110e20102006em y0chiy0110 ea | |
| 101 | 0 | @achi |
| 102 | @aCN@b110000 | |
| 105 | @ay z 000yy | |
| 106 | @ar | |
| 200 | 1 | @a学记研究@9xue ji yan jiu@f高时良著 |
| 210 | @a北京@c人民教育出版社@d2006@h2010.6第二次印刷 | |
| 215 | @a313页@d21cm | |
| 300 | @a福建师范大学陈德仁优秀学术著作出版基金资助 | |
| 330 | @a本书分为四编。一,主要考释《学记》写作年代及其历史背景和《学记》作者的学术流派属性;二、三,按儒家经典的章句凡例,分为22章,采取训诂为义理相结合的方法,根据不同内容,大体分为校文、注音、释义、意译、评说;四,主要评估历代《学记》注释和《学记》在中国及世界教育学史中的地位及影响。 | |
| 605 | @a学记@x研究 | |
| 605 | @a学记 | |
| 606 | 0 | @a教育理论@x研究@y中国@z先秦时代 |
| 606 | 0 | @a教育理论 |
| 690 | @aG40-092.2@v4 | |
| 701 | 0 | @a高时良@9gao shi liang@f(1912~)@4著 |
| 801 | 0 | @aCN@bNLC@c20110222 |
| 905 | @b205989411-457@h598941-45@dG40-092.2@e546@f5 | |
| 学记研究/高时良著.-北京:人民教育出版社,2006(2010.6第二次印刷) |
| 313页;21cm |
| 福建师范大学陈德仁优秀学术著作出版基金资助 |
| ISBN 978-7-107-18622-6:CNY21.20 |
| 本书分为四编。一,主要考释《学记》写作年代及其历史背景和《学记》作者的学术流派属性;二、三,按儒家经典的章句凡例,分为22章,采取训诂为义理相结合的方法,根据不同内容,大体分为校文、注音、释义、意译、评说;四,主要评估历代《学记》注释和《学记》在中国及世界教育学史中的地位及影响。 |
| ● |
| 相关链接 |
|
|
|
|
正题名:学记研究
索取号:G40-092.2/546
 
预约/预借
| 序号 | 登录号 | 条形码 | 馆藏地/架位号 | 状态 | 备注 |
| 1 | 598941 | 205989411 | 第一样本阅览室/ [索取号:G40-092.2/546] | 在馆 | |
| 2 | 598942 | 205989420 | 第四借阅区/ [索取号:G40-092.2/546] | 在馆 | |
| 3 | 598943 | 205989439 | 第四借阅区/ [索取号:G40-092.2/546] | 在馆 | |
| 4 | 598944 | 205989448 | 第四借阅区/ [索取号:G40-092.2/546] | 在馆 | |
| 5 | 598945 | 205989457 | 第四借阅区/ [索取号:G40-092.2/546] | 在馆 |